1565 1174 1563 1969 1308 1073 1389 1527 1229 1136 1731 1140 1796 1526 1875 1495 1810 1071 1630 1076 1237 1426 1723 1452 1661 1624 1657 1087 1119 1586 1546 1432 1751 1728 1543 1317 1953 1406 1696 1628 1447 1748 1017 1556 1449 1129 1223 1350 1065 1354 1881 1389 1415 1510 1654 1468 1391 1205 1051 1545 1904 1496 1237 1100 1924 1912 1126 1639 1095 1652 1287 1850 1335 1087 1816 1888 1307 1846 1230 1848 1401 1959 1058 1069 1746 1903 1841 1713 1808 1563 1432 1343 1835 1284 1135 1218 1890 1064 1774 BCNSPRNW ULIB Ver.6.0+V

เปลี่ยนเป็นภาษาไทย

Change to English
 แสดงรายละเอียดบรรณานุกรม
  กลับหน้าหลัก

Brief Record : Get Marc (ISO 2709) : E-mail record : QR code < ปิดหน้าต่าง
LEADER : 00000nam 2200000uu 4500
001    13399124677
003     ULIB
008    151123s2546||||th 000 0 tha d
099 00 ^aวพ.W 4^bอ213ร
100 0  ^aอัญชลี บัวทอง
245 10 ^aระยะเวลารอคอยและปัจจัยที่เกี่ยวข้องของผู้ป่วยในแผนกฉุกเฉิน โรงพยาบาลพุทธชินราช = Waiting time and related factors among patients in emergency department at Buddhachinaraj Hospital /^cอัญชลี บัวทอง
246 31 ^aWaiting time and related factors among patients in emergency department at Buddhachinaraj Hospital
260    ^aเชียงใหม่ :^bบัณฑิตวิทยาลัย มหาวิทยาลัยเชียงใหม่,^c2546
300    ^aฐ, 97 แผ่น :^bตาราง
502    ^aวิทยานิพนธ์ (พยาบาลศาสตรมหาบัณฑิต (สาขาวิชาการบริหารการพยาบาล)) -- มหาวิทยาลัยเชียงใหม่
504    ^aบรรณานุกรม: แผ่น 76 - 82
610 27 ^aโรงพยาบาลพุทธชินราช
650  2 ^aDissertations, academic^xnursing
650  2 ^aTime
650  2 ^aEmergencies
650  7 ^aโรงพยาบาล^xแผนกฉุกเฉิน
650  7 ^aบริการทางการแพทย์^xการประเมิน
650  7 ^aทัศนคติต่ออนามัย^zพิษณุโลก
710 2  ^aมหาวิทยาลัยเชียงใหม่.^bบัณฑิตวิทยาลัย
710 2  ^aมหาวิทยาลัยเชียงใหม่.^bสาขาวิชาการบริหารการพยาบาล
945    ^p0^l0^i000220
999    ^aเกษร โพธิ์สุวรรณ
รายการนี้ยังไม่มีแท็ก
คุณยังไม่ได้ล็อกอิน คุณสามารถมีกิจกรรมร่วมกับเว็บไซต์ได้ แต่ต้องล็อกอินก่อน ::
  ล็อกอิน

รายการสื่อสารสนเทศ

ลำดับที่ ประเภท เลขเรียก/บาร์โค้ด สถานที่ สถานะ
1. วิทยานิพนธ์
วิทยานิพนธ์
วพ.W 4 อ213ร ฉ.1 
  Barcode: 000220
ห้องสมุดวิทยาเขตสวรรค์ประชารักษ์
► วิทยานิพนธ์
บนชั้น

รายการใกล้เคียง
    หัวเรื่อง [Emergencies]

BibComment


ยังไม่เคยถูกคอมเมนท์

คอมเมนท์ทรัพยากรรายการนี้
  คอมเมนท์: ระยะเวลารอคอยและ..


 Copyright 2026. Bcnsprnw @Library